| 000 | 01000nac a22002651u 4500 | ||
|---|---|---|---|
| 022 | 0 | _a0217-751X | |
| 035 | _a(OCoLC)ocm13191064 | ||
| 082 | 0 | 0 | _a539.721 |
| 090 |
_c9220 _d9220 |
||
| 100 | _a20080729 | ||
| 111 |
_aProceedings of the CTP symposium on supersymmetry at LHC: Theoretical and experimental perspectives _cThe British University in Egypt _d11-14 March 2007 |
||
| 245 | 0 | 0 |
_aInternational journal of modern physics. _nA, V.22, No.31 Dec20,2007 |
| 246 | 3 | 0 | _aJournal of modern physics A |
| 260 |
_aSingapore : _bWorld Scientific, _cc1986- |
||
| 300 |
_av. : _bill. ; _c25 cm. |
||
| 650 | 0 |
_aParticles (Nuclear physics) _vPeriodicals. |
|
| 650 | 0 |
_aField theory (Physics) _vPeriodicals. |
|
| 650 | 0 |
_aGravitation _vPeriodicals. |
|
| 650 | 0 |
_aCosmology _vPeriodicals. |
|
| 650 | 0 |
_aNuclear physics _vPeriodicals. |
|
| 942 |
_cBB _k539.721 _hRDA-MOD |
||
| 999 |
_c9220 _d9220 |
||
| 336 |
_2rdacontent _atext _btxt |
||
| 337 |
_aunmediated _2rdamedia _bn |
||
| 338 |
_avolume _bnc _2rdacarrier |
||